LEADER 00710nam a2200193 i 4500 001 000000052826 003 CaOOAMICUS 005 20220331155847.0 008 050324s1971 it u000 u ita u 013 $a23998 040 $aSeMil$bita 245 00$aVol. 1. 300 $a926 p., [10] c. di tav. ;$c24 cm 773 0 $tApocrifi del Nuovo Testamento.$dTorino : Unione Tipografico-Editrice Torinese, 1971.$kClassici delle religioni. Sez. 5, Le altre confessioni cristiane $g1$w()13180 850 $aSeMil 852 $aSeMil$W1$xVenegono$y1$m2LA G 6$j259565$B18980$CSeMilBibl$Z2$F18982 $81 961 $aAcquisto: UTET (Agente) 996 $6245$aVol. 1$9(OLS)http://semarc/title/13429 LEADER 01170nam a2200253 i 4500 001 000000125423 003 CaOOAMICUS 005 20080730000000.0 008 080730s1966 it u000 u ita u 013 $a98124 040 $aSeMil$bita 100 1 $aJaeger, Werner,$d<1888-1961>.$0(OLS)http://semarc/name/97058 240 10$aEarly Christianity and Greek Paideia.$0(OLS)http://semarc/title/151932 245 10$aCristianesimo primitivo e paideia greca /$cWerner Jaeger ; con una bibliografia degli scritti di W. Jaeger a cura di Herbert Bloch. 260 $aFirenze :$bLa Nuova Italia,$c1966. 300 $aVIII, 166 p. ;$c22 cm. 490 0 $aIl pensiero storico ;$v51 650 4$aCristianesimo e ellenismo.$0(OLS)http://semarc/subject/3668 700 1 $aBloch, Herbert <1911-2006>.$0(OLS)http://semarc/name/36624 830 3$aIl pensiero storico ;$v51.$0(OLS)http://semarc/title/7219 850 $aSeMil 852 $aSeMil$W1$xVenegono$y1$m2P II 725$j79878$B79878$CSeMilBibl$Z2$F81988 $81 996 $6245$aCristianesimo primitivo e paideia greca$9(OLS)http://semarc/title/184710 996 $6260$aFirenze :$bLa Nuova Italia$9(OLS)http://semarc/publisher/30055